<?xml version="1.0" encoding="UTF-8"?>
<record
    xmlns:xsi="http://www.w3.org/2001/XMLSchema-instance"
    xsi:schemaLocation="http://www.loc.gov/MARC21/slim http://www.loc.gov/standards/marcxml/schema/MARC21slim.xsd"
    xmlns="http://www.loc.gov/MARC21/slim">

  <leader>01642nam a22003137a 4500</leader>
  <controlfield tag="005">20230306115522.0</controlfield>
  <controlfield tag="008">230306b           ||||| |||| 00| 0 eng d</controlfield>
  <datafield tag="020" ind1=" " ind2=" ">
    <subfield code="a">9789351484967</subfield>
  </datafield>
  <datafield tag="040" ind1=" " ind2=" ">
    <subfield code="c">AL</subfield>
  </datafield>
  <datafield tag="041" ind1=" " ind2=" ">
    <subfield code="a">English</subfield>
  </datafield>
  <datafield tag="082" ind1=" " ind2=" ">
    <subfield code="2">23</subfield>
    <subfield code="a">250.954</subfield>
    <subfield code="b">PANS</subfield>
  </datafield>
  <datafield tag="100" ind1=" " ind2=" ">
    <subfield code="a">Kuruvilla Pandikattu and others</subfield>
    <subfield code="9">74184</subfield>
  </datafield>
  <datafield tag="245" ind1=" " ind2=" ">
    <subfield code="a">Serving the Church and the Nation: Gratefully and Faithfully </subfield>
  </datafield>
  <datafield tag="260" ind1=" " ind2=" ">
    <subfield code="a">Pune</subfield>
    <subfield code="b">Jnana Deepa Vidyapeeth</subfield>
    <subfield code="c">2020</subfield>
  </datafield>
  <datafield tag="300" ind1=" " ind2=" ">
    <subfield code="a">xxi,247 p.</subfield>
    <subfield code="b">PB</subfield>
    <subfield code="c">23x15.5 cm.</subfield>
  </datafield>
  <datafield tag="365" ind1=" " ind2=" ">
    <subfield code="a">02302</subfield>
    <subfield code="c">&#x20B9;</subfield>
    <subfield code="d">&#x20B9;550.00</subfield>
    <subfield code="f">01-12-2022</subfield>
  </datafield>
  <datafield tag="440" ind1=" " ind2=" ">
    <subfield code="a">JDV Philosophy Series - 14</subfield>
    <subfield code="9">74185</subfield>
  </datafield>
  <datafield tag="520" ind1=" " ind2=" ">
    <subfield code="a">How can we serve the Church and Nation creatively and meaningfully? Papal Seminary in India was established in 1893 to enable the Christians and Indians to lead lives that are grateful, faithful and so joyful. To celebrate 125 years of Papal Seminary, a seminar was held to reflect on the challenges that the present church in India faces, as well as the opportunities offered to her. So the 28 articles in this book offer relevant reflections on how we can be meaningfully committed to India by serving its people in the spirit of Christian values and vision. The book seeks to promote a Gospel values of respect, compassion, hope and joy in the people.</subfield>
  </datafield>
  <datafield tag="650" ind1=" " ind2=" ">
    <subfield code="a">India</subfield>
    <subfield code="9">74186</subfield>
  </datafield>
  <datafield tag="650" ind1=" " ind2=" ">
    <subfield code="a">Mysticism--Christianity</subfield>
    <subfield code="9">74187</subfield>
  </datafield>
  <datafield tag="650" ind1=" " ind2=" ">
    <subfield code="a">Christian life</subfield>
    <subfield code="9">74188</subfield>
  </datafield>
  <datafield tag="650" ind1=" " ind2=" ">
    <subfield code="a">Church</subfield>
    <subfield code="9">74189</subfield>
  </datafield>
  <datafield tag="650" ind1=" " ind2=" ">
    <subfield code="a">Church and social problems</subfield>
    <subfield code="9">74190</subfield>
  </datafield>
  <datafield tag="650" ind1=" " ind2=" ">
    <subfield code="a">Church work</subfield>
    <subfield code="9">74191</subfield>
  </datafield>
  <datafield tag="700" ind1=" " ind2=" ">
    <subfield code="a">PANDIKATTU (Kuruvilla) Ed</subfield>
    <subfield code="9">74192</subfield>
  </datafield>
  <datafield tag="700" ind1=" " ind2=" ">
    <subfield code="a">VAZHAPILLY (Sebastian) Ed</subfield>
    <subfield code="9">74193</subfield>
  </datafield>
  <datafield tag="700" ind1=" " ind2=" ">
    <subfield code="a">LANKAPALLI (Prasad) Ed</subfield>
    <subfield code="9">74194</subfield>
  </datafield>
  <datafield tag="942" ind1=" " ind2=" ">
    <subfield code="2">ddc</subfield>
    <subfield code="c">BK</subfield>
  </datafield>
  <datafield tag="999" ind1=" " ind2=" ">
    <subfield code="c">226895</subfield>
    <subfield code="d">226895</subfield>
  </datafield>
  <datafield tag="952" ind1=" " ind2=" ">
    <subfield code="0">0</subfield>
    <subfield code="1">0</subfield>
    <subfield code="2">ddc</subfield>
    <subfield code="4">0</subfield>
    <subfield code="7">0</subfield>
    <subfield code="8">HIS</subfield>
    <subfield code="a">AL</subfield>
    <subfield code="b">AL</subfield>
    <subfield code="d">2023-03-02</subfield>
    <subfield code="e">Papal Seminary Pune Maharashtra 411014</subfield>
    <subfield code="g">550.00</subfield>
    <subfield code="l">0</subfield>
    <subfield code="o">250.954 PANS</subfield>
    <subfield code="p">076427</subfield>
    <subfield code="r">2023-03-06 00:00:00</subfield>
    <subfield code="v">550.00</subfield>
    <subfield code="w">2023-03-06</subfield>
    <subfield code="y">BK</subfield>
  </datafield>
</record>
